Tai biến môi trường
v.v....
Đã lưu trong:
| Tác giả chính: | |
|---|---|
| Định dạng: | Sách |
| Năm xuất bản: |
H.
Đại học Quốc gia Hà Nội
2005
|
| Chủ đề: | |
| Tags: |
Thêm thẻ
Không có thẻ, Hãy là người đầu tiên gắn thẻ bản ghi này!
|
| LEADER | 01012nam a2200181 4500 | ||
|---|---|---|---|
| 082 | |a 333.7 |b NG 527 C | ||
| 100 | |a Nguyễn Cẩn | ||
| 245 | |a Tai biến môi trường |c Nguyễn Cẩn, Nguyễn Đình Hòe | ||
| 260 | |a H. |b Đại học Quốc gia Hà Nội |c 2005 | ||
| 300 | |a 236tr. |c 21cm | ||
| 520 | |a v.v.... | ||
| 653 | |a Môi trường | ||
| 653 | |a Tai biến | ||
| 942 | |2 ddc |c STK0 | ||
| 999 | |c 3388 |d 3388 | ||
| 952 | |0 0 |1 0 |2 ddc |4 0 |6 333_700000000000000_NG_527_C |7 1 |8 300 |9 36130 |a qbu |b qbu |c D2 |d 2014-12-16 |g 20000 |o 333.7 NG 527 C |p 4479.C1 |r 0000-00-00 |w 2014-12-16 |y STK0 |0 0 |6 333_700000000000000_NG_527_C | ||
| 952 | |0 0 |1 0 |2 ddc |4 0 |6 333_700000000000000_NG_527_C |7 0 |8 300 |9 36131 |a qbu |b qbu |c D2 |d 2014-12-16 |g 20000 |l 1 |o 333.7 NG 527 C |p 4479.C2 |r 2015-11-23 |s 2015-10-12 |w 2014-12-16 |y STK0 |0 0 |6 333_700000000000000_NG_527_C | ||
| 952 | |0 0 |1 0 |2 ddc |4 0 |6 333_700000000000000_NG_527_C |7 0 |8 300 |9 36132 |a qbu |b qbu |c D2 |d 2014-12-16 |g 20000 |l 4 |m 3 |o 333.7 NG 527 C |p 4479.C3 |r 2017-06-12 |s 2017-05-10 |w 2014-12-16 |y STK0 |0 0 |6 333_700000000000000_NG_527_C | ||